| 000 | 00340nam a22001457a 4500 | ||
|---|---|---|---|
| 003 | SGT | ||
| 020 | _a978-81-89798-94-9 | ||
| 082 |
_a615.538 _bD14H |
||
| 100 | _aHEGDE,PRAKASH.L. | ||
| 245 | _aA TEXT BOOK OF DRAVYAGUNA VIJNANA | ||
| 260 |
_aNEW DELHI _bCHAUKHAMBHA PUB _c2014 |
||
| 300 | _a631 | ||
| 650 | _aAYURVEDA | ||
| 942 |
_2ddc _cBK _012 |
||
| 999 |
_c14501 _d14501 |
||